BIBLIOTECA

SENCICO

Le Corbusier, 1887-1965 : (Registro nro. 3836)

Detalles MARC
000 -LEADER
fixed length control field 00762nam a22002417a 4500
003 - CONTROL NUMBER IDENTIFIER
control field PE SENCICO BE
005 - DATE AND TIME OF LATEST TRANSACTION
control field 20251020182626.0
008 - FIXED-LENGTH DATA ELEMENTS--GENERAL INFORMATION
fixed length control field 230217b |||||||| |||| 00| 0 eng d
020 ## - INTERNATIONAL STANDARD BOOK NUMBER
International Standard Book Number 978-3-8365-6033-7
040 ## - CATALOGING SOURCE
Original cataloging agency PE SENCICO BE
Transcribing agency PE SENCICO BE
041 ## - LANGUAGE CODE
Language code of text/sound track or separate title spa
082 ## - DEWEY DECIMAL CLASSIFICATION NUMBER
Classification number 720.92
Item number C68
100 1# - MAIN ENTRY--PERSONAL NAME
9 (RLIN) 619
Personal name Cohen, Jean-Louis
245 1# - TITLE STATEMENT
Title Le Corbusier, 1887-1965 :
Remainder of title el lirilismo de la arquitectura en la era mecánica /
Statement of responsibility, etc. Jean-Louis Cohen
250 ## - EDITION STATEMENT
Edition statement [1a ed.]
260 ## - PUBLICATION, DISTRIBUTION, ETC.
Place of publication, distribution, etc. Koln:
Name of publisher, distributor, etc. Tashen,
Date of publication, distribution, etc. 2017
300 ## - PHYSICAL DESCRIPTION
Extent 96 p. :
Other physical details il. col., diagrs.,
Dimensions 26 cm.
600 10 - SUBJECT ADDED ENTRY--PERSONAL NAME
9 (RLIN) 386
Personal name Le Corbusier
650 14 - SUBJECT ADDED ENTRY--TOPICAL TERM
9 (RLIN) 282
Topical term or geographic name entry element Arquitectos
650 24 - SUBJECT ADDED ENTRY--TOPICAL TERM
9 (RLIN) 191
Topical term or geographic name entry element Arquitectura moderna
910 ## - USER-OPTION DATA (OCLC)
-- hfp
-- hfp
942 ## - ADDED ENTRY ELEMENTS (KOHA)
Source of classification or shelving scheme Dewey Decimal Classification
Koha item type Libros
Classification part 720.92
Item part C68L
Existencias
Fecha de la última vez que lo usaron Número de ingreso o de inventario Pago total Signatura topográfica completa Precio efectivo desde Tipo de documento Estado perdido Sistema de clasificación Estado dañado No es para préstamo Retirado Ubicación permanente Ubicación actual Fecha de adquisición
17/02/2023 16497   720.92/C68L 17/02/2023 Libros   Dewey Decimal Classification       Biblioteca Central Lima Biblioteca Central Lima 17/02/2023